[Event "Chigorin Memorial 26th"]
[Site "St Petersburg"]
[Date "2018.11.03"]
[Round "8"]
[White "Burkin, Aleksandr"]
[Black "Airapetyan, Anzhelika"]
[Result "1/2-1/2"]
[WhiteElo "1309"]
[BlackElo "1397"]
[PlyCount "85"]
[EventDate "2018.10.27"]
[EventType "swiss"]
[EventRounds "9"]
[EventCountry "RUS"]
[SourceTitle "CBM 187 Extra"]
[Source "ChessBase"]
[SourceDate "2018.11.04"]
[SourceVersion "1"]
[SourceVersionDate "2018.11.04"]
[SourceQuality "1"]

1. c4 Nf6 2. Nf3 e6 3. g3 Be7 4. Bg2 0-0 5. 0-0 d5 6. d4 c6 7. e3 c5 8. cxd5 Nxd5 9. a3 Nc6 10. dxc5 Bxc5 11. Qc2 Bb6 12. Rd1 Qe7 13. Bd2 Bd7 14. Nc3 Nxc3 15. Bxc3 Rfd8 16. Rd2 Be8 17. Rad1 Rxd2 18. Rxd2 Rd8 19. Rxd8 Qxd8 20. Qd2 Qxd2 21. Nxd2 Bc7 22. Kf1 Nd8 23. Ke1 Bc6 24. Bxc6 Nxc6 25. Nf3 f6 26. Nd4 Nxd4 27. Bxd4 a6 28. Bc3 e5 29. e4 Kf7 30. Ke2 g6 31. h3 f5 32. f3 fxe4 33. fxe4 Kf6 34. Kf3 h6 35. Bd2 h5 36. g4 Bb6 37. g5+ Ke6 38. Ke2 Bd4 39. b3 b6 40. Be3 Bxe3 41. Kxe3 Kd6 42. Kd3 Kc5 43. Kc3 1/2-1/2